MARC

LEADER 00000nas a2200000 a 4500
001 ssj0011603
003 WaSeSS
005 20200512172242.0
006 m d
007 cr n
008 001212c20009999enkqx pss 0 a0eng
010 |a  00213671  
015 |a GBB540606  |2 bnb 
016 7 |a 012434733  |2 Uk 
022 |a 1873-1600  |l 1466-853X  |y 1466-853X 
035 |a (WaSeSS)ssj0011603 
037 |b Journals Subscription Department, Harcourt Publishers Ltd., Foots Cray, Sidcup, Kent DA14 5HP, United Kingdom 
040 |a NSD  |b eng  |c NSD  |d OCLCQ  |d OHS  |d OCLCQ  |d COU  |d OCLCQ  |d BUF  |d OCLCQ  |d DLC  |d OPELS  |d OCLCF  |d OCLCO  |d VT2  |d OCLCQ  |d OCLCO  |d OCLCQ  |d OCLCO  |d NLE  |d NJR  |d UKMGB  |d U3W  |d WaSeSS 
042 |a pcc  |a nsdp 
050 4 |a RM695  |b .P757 
060 4 |a W1  |b PH749JF 
082 0 4 |a 615.8205  |2 23 
130 0 |a Physical therapy in sport (Online) 
210 0 |a Phys. ther. sport  |b (Online) 
222 0 |a Physical therapy in sport  |b (Online) 
245 1 0 |a Physical therapy in sport  |h [electronic resource]. 
260 |a Edinburgh :  |b New York :  |b Churchill Livingstone,  |c ©2000- 
260 2 |3 <200--> :  |a [London] :  |b Harcourt 
260 3 |3 <2006-> :  |a Amsterdam :  |b Elsevier 
310 |a Four issues a year 
362 1 |a Began with vol. 1, issue 1 (Feb. 2000). 
506 |a License restrictions may limit access. 
588 |a Description based print. 
588 |a Latest issue consulted: V. 13, issue 4 (Nov. 2012) (Science Direct, viewed Nov. 8, 2012). 
650 0 |a Physical therapy  |v Periodicals. 
650 0 |a Sports injuries  |x Patients  |x Rehabilitation  |v Periodicals. 
650 7 |a Physical therapy.  |2 fast  |0 (OCoLC)fst01062771 
650 7 |a Sports injuries  |x Patients  |x Rehabilitation.  |2 fast  |0 (OCoLC)fst01130692 
650 2 |a Athletic Injuries  |x diagnosis  |v Periodicals. 
650 2 |a Athletic Injuries  |x therapy  |v Periodicals. 
650 2 |a Physical Therapy  |v Periodicals. 
650 2 |a Sports Medicine  |v Periodicals. 
655 0 |a Electronic journals. 
710 2 |a Association of Chartered Physiotherapists in Sports Medicine. 
776 0 8 |i Print version:  |t Physical therapy in sport  |x 1466-853X  |w (DLC) 00243277  |w (OCoLC)44274065 
856 4 0 |z Full text available from Research Library: 01/01/2003 to 2 months ago  |u https://search.proquest.com/publication/1226337